|
|
|
|
| LEADER |
01286nam a2200325 a 4500 |
| 001 |
AAL111 |
| 003 |
BD-DhAAL |
| 005 |
20160210173954.0 |
| 008 |
150209s1991 onca b 000 0 eng |
| 010 |
|
|
|a 92226021
|
| 020 |
|
|
|a 0075511010
|
| 040 |
|
|
|a DLC
|c DLC
|d DLC
|d BD-DhAAL
|
| 050 |
0 |
0 |
|a JL11
|b .P64 1991
|
| 082 |
0 |
0 |
|a 320.971
|2 20
|
| 999 |
|
|
|c 33617
|d 33617
|
| 999 |
|
|
|c 33617
|
| 245 |
0 |
0 |
|a Politics, Canada /
|c [edited by] Paul W. Fox, Graham White.
|
| 250 |
|
|
|a 7th ed.
|
| 260 |
|
|
|a Toronto ;
|a New York :
|b McGraw-Hill Ryerson,
|c c1991.
|
| 300 |
|
|
|a xii, 573 p. :
|b ill. ;
|c 23 cm.
|
| 490 |
|
|
|a McGraw-Hill Ryerson series in Canadian politics
|
| 504 |
|
|
|a Includes bibliographical references.
|
| 541 |
|
|
|e 111
|
| 650 |
|
0 |
|a Constitutional history
|z Canada.
|9 8096
|
| 651 |
|
0 |
|a Canada
|x Politics and government.
|9 8097
|
| 700 |
1 |
|
|a Fox, Paul W.
|9 8098
|
| 700 |
1 |
|
|a White, Graham,
|d 1948-
|9 8099
|
| 942 |
|
|
|2 ddc
|c BK
|
| 952 |
|
|
|0 0
|1 0
|2 ddc
|4 0
|6 320_971000000000000_POL
|7 0
|9 52509
|a SCL
|b SCL
|c GEN
|d 2015-02-09
|e Gift: The Asia Foundation
|l 1
|m 2
|o 320.971 POL
|p 3020000111
|r 2026-05-04
|s 2026-04-11
|t 1
|w 2015-02-09
|y BK
|
| 952 |
|
|
|0 0
|1 0
|2 ddc
|4 0
|6 320_971000000000000_POL
|7 0
|9 52603
|a SCL
|b SCL
|c GEN
|d 2015-02-12
|e Gift: The Asia Foundation
|l 0
|o 320.971 POL
|p 3020001554
|r 2015-02-12
|t 2
|w 2015-02-12
|y BK
|